000 00268nam a22001217a 4500
008 171124b xxu||||| |||| 00| 0 eng d
041 _aeng
080 _a9780140244557
100 _a50
101 _aSOC
245 _aTHE MAGIC DAUGHTER
_cPHILLIPS,J
942 _2udc
_cBK
999 _c38491
_d38491